Rolling Stone's 50 Greatest Concept Albums Of All Time - Statistics

General Stats
  • This quiz has been taken 65 times
  • The average score is 16 of 50
Answer Stats
Hint Answer % Correct
Sgt Pepper's Lonely Hearts Club Band The Beatles
97%
The Rise & Fall of Ziggy Stardust & The Spiders From Mars David Bowie
95%
American Idiot Green Day
95%
The Wall Pink Floyd
87%
What's Going On Marvin Gaye
82%
Here My Dear Marvin Gaye
82%
Tommy The Who
80%
Quadrophenia The Who
80%
The Kinks Are The Village Green Preservation Society The Kinks
75%
Kid A Radiohead
67%
The Black Parade My Chemical Romance
62%
Lemonade Beyonce
59%
Good Kid, M.A.A.D City Kendrick Lamar
52%
2112 Rush
48%
Captain Fantastic And The Brown Dirt Cowboy Elton John
41%
Running On Empty Jackson Browne
38%
Welcome To My Nightmare Alice Cooper
34%
The Lamb Lies Down On Broadway Genesis
34%
Exile In Guyville Liz Phair
31%
Seventh Son Of A Seventh Son Iron Maiden
30%
Red Headed Stranger Willie Nelson
30%
In The Wee Small Hours Frank Sinatra
28%
There's A Riot Goin' On Sly & The Family Stone
28%
Control Janet Jackson
26%
Kilroy Was Here Styx
26%
Smile Brian Wilson
18%
Zen Arcade Husker Du
16%
Only Built 4 Cuban Linx... Raekwon
15%
El Mal Querer Rosalia
15%
Operation: Mindcrime Queensryche
13%
Since I Left You The Avalanches
13%
If I Can't Have Love, I Want Power Halsey
11%
69 Love Songs The Magnetic Fields
11%
Undun The Roots
11%
Skylarking XTC
11%
The ArchAndroid Janelle Monae
10%
Funkentelechy VS The Placebo Syndrome Parliament
10%
Ghosteen Nick Cave & The Bad Seeds
8%
Map Of The Soul: 7 BTS
7%
Electra Heart Marina And The Diamonds
7%
Good Old Boys Randy Newman
7%
Separation Sunday The Hold Steady
7%
Once Upon A Time Donna Summer
5%
Southern Rock Opera Drive-By Truckers
5%
Heaux Tales Jazmine Sullivan
5%
Tallahassee The Mountain Goats
5%
Love, Marriage & Divorce Toni Braxton & Babyface
5%
Colores J Balvin
3%
Caught Up Millie Jackson
3%
Jimmy Lee Raphael Saadiq
3%
No matching quizzes found
Score Distribution
Percent of People with Each Score
Percentile by Number Answered
Your Score History
You have not taken this quiz